000 00296nam a22001217a 4500
020 _a9781605666853
082 _a572.865
100 _aSANJOY DAS, DOINA CARAGEA
245 _aCOMPUTATIONAL METHODOLOGIES IN GENE REGULATORY NETWORKS
260 _aUSA
_bIGI GLOBAL
_c2010
300 _a710
942 _cBK
999 _c23261
_d23261